| Tag |
First Indicator |
Second Indicator |
Subfields |
| LEADER |
00000cam a2200000 a 4500 |
| 001 |
in00000031373 |
| 005 |
20151007060414.0 |
| 008 |
880629s1987 maua b 00010 eng d |
| 010 |
|
|
|a 87072113
|
| 020 |
|
|
|a 012375660X
|
| 035 |
|
|
|a (OCoLC)18151210
|
| 035 |
|
|
|9 AAC0770AM
|
| 040 |
|
|
|a NBS
|c NBS
|d TXA
|d UtOrBLW
|
| 049 |
|
|
|a TXAM
|c [A11111617]
|
| 050 |
|
4 |
|a QC20.7.P7
|b T36 1985
|
| 111 |
2 |
|
|a International Symposium on Probabilistic Methods in Mathematical Physics
|d (1985 :
|c Katata-chō, Japan and Kyoto, Japan)
|
| 245 |
1 |
0 |
|a Probabilistic methods in mathematical physics :
|b proceedings of the Taniguchi International Symposium, Katata and Kyoto, 1985 /
|c edited by Kiyosi Itô and Nobuyuki Ikeda.
|
| 264 |
|
1 |
|a Boston :
|b Academic Press,
|c 1987.
|
| 300 |
|
|
|a 441 pages :
|b illustrations ;
|c 23 cm.
|
| 336 |
|
|
|a text
|b txt
|2 rdacontent
|
| 337 |
|
|
|a unmediated
|b n
|2 rdamedia
|
| 338 |
|
|
|a volume
|b nc
|2 rdacarrier
|
| 500 |
|
|
|a "Held under the auspices of the Taniguchi Foundation ... during the period June 20 through June 26, 1985, in Kyuzeso at Katata and during the subsequent three days in the Research Institute for Mathematical Sciences at Kyoto University"--Pref.
|
| 504 |
|
|
|a Includes bibliographies.
|
| 650 |
|
0 |
|a Probabilities
|v Congresses.
|
| 650 |
|
0 |
|a Mathematical physics
|v Congresses.
|
| 700 |
1 |
|
|a Itô, Kioyosi.
|
| 700 |
1 |
|
|a Ikeda, Nobuyuki.
|
| 710 |
2 |
|
|a Taniguchi Kōgyō Shōreikai.
|
| 710 |
2 |
|
|a Kyōto Daigaku.
|b Sūri Kaiseki Kenkyūjo.
|
| 999 |
|
|
|a MARS
|
| 999 |
f |
f |
|s 215b6d09-9bb0-3046-954b-d00390f725ac
|i af6da1b6-0895-33cb-a821-7f3f1c6b1714
|t 0
|
| 952 |
f |
f |
|p ric
|a Texas A&M University
|b Rellis Campus
|c Joint Library Facility
|d Remote Storage
|t 0
|e QC20.7.P7 T36 1985
|h Library of Congress classification
|i unmediated -- volume
|m A14811111617
|
| 998 |
f |
f |
|a QC20.7.P7 T36 1985
|t 0
|l Remote Storage
|